| 000 | 00474nam a2200181Ia 4500 | ||
|---|---|---|---|
| 003 | GCL | ||
| 008 | 140319s9999 xx 000 0 eng d | ||
| 040 |
_aGCL / _cGCL |
||
| 082 | 0 | 4 |
_a025.133 _bD P |
| 100 | 1 | _aDANEY, CHARLES | |
| 245 | 1 | 0 |
_aPROGRAMMING IN REXX / _cDANEY, CHARLES |
| 260 |
_a[S.N] : _bMC GRAW - HILL ، _c1992 |
||
| 300 | _a299 P | ||
| 650 | 0 | 4 | _aCOMPUTER LANGUAGE |
| 650 | 0 | 4 | _aPROGRAMMING |
| 650 | 0 | 4 | _aREXX, COMPUTER PROGRAM LANGUAGE |
| 942 |
_2ddc _cBK |
||
| 999 |
_c21003 _d21003 |
||